Model driven software engineering in practice (Record no. 590391)

000 -LEADER
fixed length control field 00811nam a22001697a 4500
003 - CONTROL NUMBER IDENTIFIER
control field NUST
005 - DATE AND TIME OF LATEST TRANSACTION
control field 20220720124158.0
020 ## - INTERNATIONAL STANDARD BOOK NUMBER
International Standard Book Number 978-1-62705-708-2
082 ## - DEWEY DECIMAL CLASSIFICATION NUMBER
Classification number 005.1, BRA
100 ## - MAIN ENTRY--PERSONAL NAME
Dates associated with a name Manuel Wimmer
Relator term Jordi Cabot
Fuller form of name Marco Brambilla
9 (RLIN) 94040
245 ## - TITLE STATEMENT
Title Model driven software engineering in practice
250 ## - EDITION STATEMENT
Edition statement 2nd Edition
260 ## - PUBLICATION, DISTRIBUTION, ETC.
Name of publisher, distributor, etc. Morgan & Claypool
Date of publication, distribution, etc. 2017
300 ## - PHYSICAL DESCRIPTION
Extent xv, 191.p
505 ## - FORMATTED CONTENTS NOTE
Formatted contents note Introduction (Page-1), MDSE Principles (Page-7), MDSE Use Cases (Page-25), Model-driven Architecture (MDA) (Page-43), Integration of MDSE in your Development Process (Page-53), Modeling Languages at a Glance (Page-63), Developing your Own Modeling Language (Page-85), Model-to-Model Transformations (Page-123), Model-to-Text Transformations (Page-141), Managing Models (Page-157).
942 ## - ADDED ENTRY ELEMENTS (KOHA)
Source of classification or shelving scheme
Koha item type Book
Holdings
Withdrawn status Lost status Source of classification or shelving scheme Damaged status Not for loan Permanent Location Current Location Shelving location Date acquired Full call number Barcode Date last seen Price effective from Koha item type Public note
          Military College of Signals (MCS) Military College of Signals (MCS) Reference 07/20/2022 005.1,BRA MCS38625 07/20/2022 07/20/2022 Book Almirah Fresh No.43, Shelf No.4
© 2023 Central Library, National University of Sciences and Technology. All Rights Reserved.